| 000 | 00764cab a2200241 4500 | ||
|---|---|---|---|
| 001 | WB3434-19 | ||
| 008 | 090401t1998 xxu||||| |||| 00| 0 eng d | ||
| 035 | _a(Sirsi) u88421 | ||
| 041 | _aeng | ||
| 245 | _aEU plans could affect UK brownfield development | ||
| 260 | _c1998 | ||
| 350 | _a0 | ||
| 490 |
_aProperty Week _v63(20) 11 September 1998, 8(1) |
||
| 520 | _aThe drive to redevelop UK brownfield sites could be crippled by European Commission plans for a high standard of contaminated land clean up. | ||
| 650 | _aBROWNFIELD DEVELOPMENT | ||
| 650 | _aCLEAN UP | ||
| 650 | _aCONTAMINATED LAND | ||
| 650 | _aEUROPEAN COMMISSION | ||
| 650 | _aLAND POLLUTION | ||
| 690 | _aENVIRONMENTAL AND LAND CONSULTANCY | ||
| 942 | _n0 | ||
| 948 | _c11/09/1998 | ||
| 999 |
_c55854 _d55854 |
||